| 000 | 00000nam##2200000za#4500 |
| 001 | 9.604549 |
| 003 | CaOODSP |
| 005 | 20210624211650 |
| 007 | cr ||||||||||| |
| 008 | 150406|2005||||xxc|||||o f|0| 0 fre|d |
| 040 | |aCaOODSP|bfre |
| 043 | |an-cn--- |
| 086 | 1 |aT41-1/80F-PDF |
| 110 | 1 |aCanada. |bTransports Canada. |
| 245 | 13|aLe système Écolobus de Québec |h[ressource électronique] |
| 260 | |aOttawa - Ontario : |bTransports Canada |cJanvier 2005 [i.e. 2010?]. |
| 300 | |a6p.|bcarte en couleur, références, tableaux, photographies |
| 490 | 1 |aÉtudes de cas sur les transports durables |vAnalyse nº 80 |
| 500 | |aEn tête du titre : Programme de démonstration en transport urbain. « Québec (Québec) ». |
| 590 | |a12-36-Supp|b2012-08-22 |
| 775 | 08|tThe Quebec City Écolobus system |w(CaOODSP)9.574824 |
| 830 | #0|aÉtudes de cas sur les transports durables ;|vAnalyse nº 80|w(CaOODSP)9.503247 |
| 856 | 40|ahttp://publications.gc.ca|qPDF|s400 Ko|uhttps://publications.gc.ca/collections/collection_2012/tc/T41-1-80-fra.pdf|yAnalyse nº 80 |
| 986 | |aTP : 15070 |